Flags of Countries that Border South Africa - Statistics

General Stats
  • This quiz has been taken 32 times
  • The average score is 5 of 6
Answer Stats
Picture Answer % Correct
Botswana
86%
Eswatini
81%
Lesotho
76%
Mozambique
71%
Namibia
71%
Zimbabwe
71%
No matching quizzes found
Score Distribution
Percent of People with Each Score
Percentile by Number Answered
Your Score History
You have not taken this quiz